00449nam a22001577a 4500003000400000008004100004082001700045100002000062245011200082260003200194300000900226502001500235650001300250942001100263999001700274OSt260430b |||||||| |||| 00| 0 eng d a633.16bE42E aEhsanullah, Md. aEffect of Time of Sowing, Seed Rate and Seed Soaking on Grain Yield of Rainfeed Barley (Hordeum Vulgare L.) aPusa, SamastipurbRAUc1976 a88P. bMsc.d1976 aAgronomy 2ddccT c50352d50352